Score 0/24 Timer 07:00
0 Plays Today
Regions School % Correct
West/StocktonFlorida State
100%
Midwest/LexingtonPurdue
88.9%
East/BridgeportDuke
88.9%
West/BridgeportMaryland
88.9%
Midwest/StocktonMiami (Fla.)
87%
Midwest/StocktonMichigan State
87%
West/LexingtonNotre Dame
87%
West/BridgeportWest Virginia
87%
Midwest/BridgeportOregon
87%
Midwest/Oklahoma CityLouisville
85.2%
South/BridgeportUCLA
85.2%
South/BridgeportDayton
83.3%
Regions School % Correct
East/Oklahoma CityBaylor
81.5%
Midwest/StocktonCreighton
81.5%
Midwest/BridgeportIowa State
79.6%
East/StocktonSouth Carolina
75.9%
East/LexingtonNew Mexico State
72.2%
South/LexingtonKentucky
68.5%
East/Oklahoma CityTroy
66.7%
West/Oklahoma CityGonzaga
63%
West/BridgeportBucknell
59.3%
West/StocktonFlorida Gulf Coast
53.7%
South/LexingtonKansas State
48.1%
South/Oklahoma CityTexas Southern
27.8%
Remove Ads.
Support Sporcle.
Get the best of Sporcle when you Go Orange. This ad-free experience offers more features, more stats, and more fun while also helping to support Sporcle. Thank you for becoming a member.

You're not logged in!

Compare scores with friends on all Sporcle quizzes.
OR
Log In

Sporcle TV

Today on Sporcle TV


Watch our educational content, quiz creation guides, and fun videos on Sporcle TV.

Show Comments

Extras

Top Quizzes Today


Score Distribution

Paid Content

Your Account Isn't Verified!

In order to create a playlist on Sporcle, you need to verify the email address you used during registration. Go to your Sporcle Settings to finish the process.

Report this User

Report this user for behavior that violates our Community Guidelines.

Details: